| 000 | 00394pab a2200157 454500 | ||
|---|---|---|---|
| 008 | 180718b2008 xxu||||| |||| 00| 0 eng d | ||
| 100 | _aMahapatra, Tapas Kumar | ||
| 245 | _aDefined new pension scheme - a strategic tool for cost reduction | ||
| 260 | _c2008 | ||
| 300 | _ap.784. | ||
| 362 | _aOct | ||
| 650 | _aPensions | ||
| 773 | _aManagement Accountant | ||
| 908 | _aN | ||
| 909 | _a79754 | ||
| 999 |
_c79754 _d79754 |
||